LEADER 00906nam a2200205 i 4500 001 000000051189 003 CaOOAMICUS 005 20130221000000.0 008 130221s1853 xx u000 u lat u 013 $a22361 040 $aSeMil$bita 100 1 $aPacifico : da Regineto.$0(OLS)http://semarc/name/25329 245 10$aSacrae poenitentiariae reservatorum casuum clara expositio /$celucubtata a p. Pacifico a Regineto. 260 $aMaceratae :$bTypis Josephi Cortesii,$c1853. 300 $a176 p. ;$c19 cm. 650 4$aPenitenza - Diritto canonico - Casi riservati.$0(OLS)http://semarc/subject/4513 850 $aSeMil 852 $aSeMil$W1$xVenegono$y1$m2F III 12 FA$j17344$B17344$CSeMilBibl$Z2$F17345 $8I 996 $6245$aSacrae poenitentiariae reservatorum casuum clara expositio$9(OLS)http://semarc/title/78335 996 $6260$aMaceratae :$bTypis Josephi Cortesii$9(OLS)http://semarc/publisher/41331 LEADER 01104nam a2200229 i 4500 001 000000072265 003 CaOOAMICUS 005 20090303000000.0 008 090303s1924 be u000 u lat u 013 $a43437 040 $aSeMil$bita 245 13$aLe huitième quodlibet de Godefroid de Fontaines /$ctexte inédit [éd.] par J. Hoffmans. 260 $aLouvain :$bInstitut supérieur de philosophie de l'Université,$c1924. 300 $a178 p. ;$c32 cm. 490 0 $aLes philosophes belges : textes et études ;$v4.1 700 1 $aHoffmans, Jean.$0(OLS)http://semarc/name/35785 700 1 $aGodefridus : de Fontibus .$0(OLS)http://semarc/name/90910 830 4$aLes philosophes belges : textes et études ;$v4.1.$0(OLS)http://semarc/title/19472 850 $aSeMil 852 $aSeMil$W1$xVenegono$y1$m2P VI 74$j38418$B38418$CSeMilBibl$Z2$F38421 $81 996 $6245$aLe huitième quodlibet de Godefroid de Fontaines$9(OLS)http://semarc/title/116448 996 $6260$aLouvain :$bInstitut supérieur de philosophie de l'Université$9(OLS)http://semarc/publisher/33980